| 000 | 00538nam a2200181Ia 4500 | ||
|---|---|---|---|
| 003 | GCL | ||
| 008 | 140319s9999 xx 000 0 eng d | ||
| 040 |
_aGCL / _cGCL |
||
| 082 | 0 | 4 |
_a973.7 _bG N |
| 100 | 1 | _aGREENE, A.WILSON | |
| 245 | 1 | 0 |
_aNATIONAL GEOGRAPHIC GUIDE TO THE CIVIL WAR : _bNATIONAL BATTELFIELD PARKS / _cGREENE, A.WILSON |
| 700 | 1 | _aGALLAGHER, GARY W. | |
| 260 |
_aنيويورك : _bTHE NATIONAL GEOGRAPHIC SOCIETY |
||
| 300 |
_a24 CM ؛ _c160 P |
||
| 650 | 0 | 4 | _aCIVIL WAR |
| 650 | 0 | 4 | _aAMERICA - HISTORY |
| 942 |
_2ddc _cBK |
||
| 999 |
_c743 _d743 |
||